00317 a2200133 450000100060000002000270000604000240003310000220005724000300007924500250010930000090013436200090014365000310015247274 a9788540501898 (broch.) cAnchieta - Aquarius aVarella, Flávia10aCric crec pi ploft! lpor10aCric crec pi ploft!  a48p.0 a2012 4aLiteratura infanto-juvenil